Sci-Fi Movies by Tagline Quiz Stats

 Plays Quiz Updated Mar 9, 2016

Challenge
Share
Tweet
Embed
Score 0/24 Timer 06:00
2 Plays Today
% Correct
Star Wars
97%
Bill and Ted's Excellent Adventure
92.6%
Alien
87%
E.T. the Extra-Terrestrial
83.8%
Terminator 2: Judgment Day
82.9%
WALL-E
79.9%
The Butterfly Effect
76.5%
Donnie Darko
73.9%
Avengers: Age of Ultron
73.3%
Inception
69.9%
Eternal Sunshine of the Spotless Mind
69.6%
District 9
68.9%
% Correct
Back to the Future
67.2%
Gravity
64.1%
Interstellar
59.3%
Edge of Tomorrow
57.2%
Pacific Rim
56.5%
Looper
55.6%
The Matrix
53.5%
Ender's Game
48.4%
The Fifth Element
42.6%
Snowpiercer
39.3%
The Iron Giant
38.7%
Serenity
36.5%

You're not logged in!

Compare scores with friends on all Sporcle quizzes.
OR
Log In

You Might Also Like...

Show Comments

Extras

Top Quizzes Today


Score Distribution

Your Account Isn't Verified!

In order to create a playlist on Sporcle, you need to verify the email address you used during registration. Go to your Sporcle Settings to finish the process.

Report this User

Report this user for behavior that violates our Community Guidelines.

Details: